Sharing innovative experiences (Record no. 348)
[ view plain ]
| 000 -LEADER | |
|---|---|
| fixed length control field | 01204nam a2200193 a 4500 |
| 020 ## - INTERNATIONAL STANDARD BOOK NUMBER | |
| ISBN | 983974741X |
| 050 00 - CALL NUMBER | |
| Classification number | HC59.72.T4 |
| 100 ## - AUTHOR | |
| Personal name | UNDP |
| 110 ## - AUTHOR | |
| CORPORATE AUTHOR | UNDP |
| 245 00 - TITLE | |
| Title | Sharing innovative experiences |
| Statement of responsibility, etc | UNDP |
| 260 ## - PUBLICATION INFORMATION | |
| Place of publication | New York |
| Name of publisher | Special Unit for Technical Cooperation among Developing Countries, United Nations Development Programme, |
| Year of publication | 2000 |
| 300 ## - DESCRIPTION | |
| Number of Pages | 215 pages: |
| Other physical details | ill. ; |
| Dimensions | 23 cm. |
| 500 ## - NOTES | |
| General note | Includes bibliographical references.<br/> |
| 500 ## - NOTES | |
| General note | Papers from a workshop held in Ouagadougou, Upper Volta, Sept. 20-25, 1983, and sponsored by the International Crops Research Institute for the Semi-arid Tropics and others. |
| 505 ## - FORMATTED CONTENTS NOTE | |
| Table of Content | . 1. Examples of successful initiatives in science and technology in the South -- v. 3. Examples of successful economic, environmental and sustainable livelihood initiatives in the South -- v. 4. Examples of good practices in social policies, indigenous and traditional knowledge and appropriate technology in the South -- v. 5. Example of successful initiatives in agriculture and rural development in the South. |
| 650 #0 - SUBJECTS | |
| Topical Term | Technological innovations |
| General subdivision | Developing countries. |
| 650 #0 - SUBJECTS | |
| Topical Term | Agricultural innovations |
| General subdivision | Developing countries |
| 942 ## - ADDED ENTRY ELEMENTS (KOHA) | |
| Koha item type | Books |
| Withdrawn status | Lost status | Home library | Current library | Date acquired | Full call number | Accession Number | Koha item type |
|---|---|---|---|---|---|---|---|
| Methodist University Library Wenchi Faculty | Methodist University Library Wenchi Faculty | 20/10/2017 | HC59.72.T4 | 1748 | Books |